Striktnejšie pravidlá hry

Obchodné dokumenty ako dôležitá súčasť podnikania. Pojem a obsah obchodného dokumentu podľa Obchodného zákonníka (č. 500/2001 Z.z.).

Enregistré dans:
Détails bibliographiques
Auteur principal: Ragáčová, Katarína
Format: Chapitre de livre
Langue:slovaque
Sujets:
Tags: Ajouter un tag
Pas de tags, Soyez le premier à ajouter un tag!

MARC

LEADER 00000naa a2200000 4500
001 r047520
005 20230920090414.7
041 0 |a slo 
044 |a SK 
245 1 0 |a Striktnejšie pravidlá hry  |c Katarína Ragáčová 
520 |a Obchodné dokumenty ako dôležitá súčasť podnikania. Pojem a obsah obchodného dokumentu podľa Obchodného zákonníka (č. 500/2001 Z.z.). 
610 2 0 |a korešpondencia 
610 2 0 |a dokumenty 
610 2 0 |a podnikatelia 
610 2 0 |a zákonník obchodný 
100 1 |a Ragáčová, Katarína